| 000 | 00338nam a22001457a 4500 | ||
|---|---|---|---|
| 003 | SGT | ||
| 020 | _a9788177214222 | ||
| 082 |
_a070 _bH19M |
||
| 100 | _aMISHR, KRISHN BIHARI | ||
| 245 | _aHINDI PATRAKARITA AASHVASHIT OR AASHANKA | ||
| 260 |
_bSATYA SAHITY PRAKASHAN _c2019 |
||
| 300 | _a224 | ||
| 650 | _aJOURNALISM | ||
| 942 |
_2ddc _cBK |
||
| 999 |
_c28384 _d28384 |
||